=LDR 00000nam 2200000 4500 =001 INLIS000000000031346 =005 20130612133426 =008 ***********************************ind** =035 ##$$a0010-061300000031346 =041 ##$$a ind =082 ##$$a 618. 207 5 =090 ##$$a 618. 207 5 , Mar a =100 ##$$a Maryunani,Anik =245 ##$$a Asuhan kegawatdaruratan dalam Kebidanan, oleh Anik Maryunani, Yulianingsih =260 ##$$a 2009 $b Jakarta =300 ##$$a xiv, 175 hlm. , ilus. , 20 cm =650 ##$$a Kebidanan =650 ##$$a Diagnosis =700 ##$$a Yulianingsih =850 ##$$a NBPNMAT =990 ##$$a 91309/BPAP-NTB/2014